How Well Do You Know TNS - Statistics

General Stats
  • This quiz has been taken 103 times
  • The average score is 13 of 15
Answer Stats
Question Answer % Correct
Season 4: Who does Riley kiss behind James' back? Alfie
100%
Season 1: Why does Chloe have two jobs? doesn't have enough money to pay for dance
100%
Season 3: Who was the exchange student? Ella
100%
Season 2: Who comes in and thinks that Michelle is his Boyfreind Hunter
100%
Season 2: Why do James and Riley break up James kissed Beth
100%
Season 3: Where is Internationals held? Miami
100%
Season 4: Why do they lose the first qualifier? Noah has a back injury
100%
Season 1: Who are in the E-Girls at the start Riley, Tiffany, Giselle, Emily, Stephanie, Chloe
100%
Season 5: What are the names of the two troups East and West
90%
S7- Piper kissed _____ when he was with Amy Finn
90%
Season 6: Why does Piper mess up her ariel? Miss Angela got to her head
90%
Season 5: Who breaks Richelle's point shoe Lola
80%
Bonus Question- Who plays Emily Alexandra B
70%
Season 6: Who were the dancers who joined from Miss Angela's Dance Studio? Finn, Summer, Kenzie
70%
Season 7: Yes at the begging of the seires
30%
No matching quizzes found
Score Distribution
Percent of People with Each Score
Percentile by Number Answered
Your Score History
You have not taken this quiz